1981 1728 1843 1779 1481 1195 2000 1755 1049 1524 1222 1725 1596 1034 1552 1281 1319 1952 1966 1956 1567 1782 1435 1155 1606 1398 1314 1504 1045 1059 1712 1130 1349 1193 1814 1761 1301 1947 1079 1221 1781 1513 1742 1004 1556 1385 1405 1298 1598 1068 1641 1792 1372 1678 1841 1137 1518 1716 1667 1048 1785 1489 1949 1945 1280 1959 1843 1863 1490 1667 1441 1952 1454 1219 1389 1342 1701 1364 1620 1196 1321 1821 1906 1379 1225 1727 1850 1625 1346 1424 1111 1910 1598 1461 1582 1117 1813 1066 1622 BCNSPRNW ULIB Ver.6.0+V

เปลี่ยนเป็นภาษาไทย

Change to English
 แสดงรายละเอียดบรรณานุกรม
  กลับหน้าหลัก

Brief Record : Get Marc (ISO 2709) : E-mail record : QR code < ปิดหน้าต่าง
LEADER : 00000nam 2200000uu 4500
001    13399122797
003     ULIB
008    130927s2552||||th 000 0 tha d
020    ^a9786117078040
090    นว.^bภ21ร
100 0  ^aภาคินัย
245 10 ^aโรงมหรศพ /^cภาคินัย [นามแฝง]
260    ^aกรุงเทพฯ :^bโซฟา พับลิชชิ่ง,^c2552
300    ^a269 หน้า
945    ^p200^l0^i034044
999    ^aเกษร โพธิ์สุวรรณ
รายการนี้ยังไม่มีแท็ก
คุณยังไม่ได้ล็อกอิน คุณสามารถมีกิจกรรมร่วมกับเว็บไซต์ได้ แต่ต้องล็อกอินก่อน ::
  ล็อกอิน

รายการสื่อสารสนเทศ

ลำดับที่ ประเภท เลขเรียก/บาร์โค้ด สถานที่ สถานะ
1. นวนิยาย
นวนิยาย
นว. ภ21ร ฉ.1 
  Barcode: 034044
ห้องสมุดวิทยาเขตสวรรค์ประชารักษ์
►นวนิยาย
ถูกยืม กำหนดส่งวันที่ 15 ธันวาคม 2559
  จอง

รายการใกล้เคียง
    ผู้แต่ง [ภาคินัย]

BibComment


ยังไม่เคยถูกคอมเมนท์

คอมเมนท์ทรัพยากรรายการนี้
  คอมเมนท์: โรงมหรศพ ภาคินั..


 Copyright 2026. Bcnsprnw @Library